Contratación internacional
שמור ב:
| מחבר ראשי: | |
|---|---|
| פורמט: | ספר |
| שפה: | ספרדית |
| יצא לאור: |
Valencia
Tirant lo Blanch
1999
|
| מהדורה: | 2a. ed |
| נושאים: | |
| תגים: |
הוספת תג
אין תגיות, היה/י הראשונ/ה לתייג את הרשומה!
|
MARC
| LEADER | 00000nam a2200000 a 4500 | ||
|---|---|---|---|
| 001 | UCL9504 | ||
| 003 | CL-VaPUC | ||
| 008 | 040813e19990000SP |||||||||||||||||spa|d | ||
| 020 | |a 8480028513 | ||
| 082 | 0 | 4 | |a 341.75 |b ESP |2 21 |
| 100 | |a Esplugues Mota Carlos |e author |9 171 | ||
| 245 | 1 | 0 | |a Contratación internacional |
| 250 | |a 2a. ed | ||
| 300 | |a 1094 p | ||
| 942 | |c BK | ||
| 945 | |d 20040813 00:00:00 |a cmena | ||
| 260 | |a Valencia |b Tirant lo Blanch |c 1999 | ||
| 650 | 0 | |a Derecho internacional |9 255637 | |
| 650 | 0 | |a Contratos |9 255153 | |
| 650 | 0 | |a Derecho mercantil |9 371888 | |
| 650 | 0 | |a Jurisprudencia |9 255952 | |
| 650 | 0 | |a Obligaciones contractuales |9 386117 | |
| 650 | 0 | |a Compraventa |9 255413 | |
| 650 | 0 | |a Operaciones bancarias |9 337857 | |
| 650 | 7 | |a COMERCIO INTERNACIONAL |2 CL-VaPUC |9 487367 | |
| 650 | 0 | |a Garantías |9 385837 | |
| 650 | 0 | |a Transporte de mercancias |9 358742 | |
| 583 | |a last modification |c 20040813 00:00:00 |k Rodrigo Vera | ||
| 999 | |c 310270 |d 310268 | ||
| 952 | |0 0 |1 0 |4 0 |6 341_750000000000000_ESP_1999 |7 0 |8 A |9 378554 |a BIBDER |b BIBDER |d 2019-11-21 |i 4046145 |l 2 |m 4 |o 341.75 ESP 1999 |p 4046145 |q 2025-12-31 |r 2020-03-20 |s 2020-03-20 |w 2019-11-21 |y BK |k DER | ||